00416pab a2200133 454500008004000000100002000040245010000060260000900160300001400169362000800183650002000191700002300211773004800234180718b2011 xxu||||| |||| 00| 0 eng d aFielding, David aRegional asymmetries in the impact of monetary policy shocks on prices: Evidence from US cities c2011 ap.79-103. aFeb aMonetary policy aShields, Kalvinder aOxford Bulletin of Economics and Statistics